000 00485cam a2200205ua 4500
001 7158
005 20260515114149.0
008 141127n ii |||gr||||Z||||||asm
020 _a9789382746072
040 _cMAIN
041 _aasm
082 _a371
100 _aHazarika, D.G.,
_eAuthor.
245 _aSiksha biwasthapana
_cBy Dulumoni Gogoi Hazarika
250 _a1st.
260 _aDhemaji:
_bKiran,
_c2014.
300 _a184p.
653 _aEducational planning
942 _cBK
999 _c6279
_d6279